Представление документа в формате RUSMARC

ПолеНазваниеЗначение
  Тип записи a
  Библиографический уровень c
001 Контрольный номер c60e340f112b480697c47e2a8b2199c6
005 Дата корректировки 20241225125255.3
010 Индекс ISBN __
d Цена 60000-00
101 Язык документа 0_
a Язык текста rus
c Язык оригинала nnn
200 Заглавие и сведения об ответственности 0_
a Заглавие Книга начал
f Первые сведения об ответственности пер. И. Кубатько
b Общее обозначение материала Текст
210 Выходные данные 1_
a Место издания М.
c Издательство Терра
d Дата издания 1996
215 Физическое описание __
a Объем 143 с.
c Иллюстрации/тип воспроизводства ил.
225 Серия 2_
a Серия Зачарованный мир
606 Тематические рубрики __
a Основная рубрика Художественная литература
y Географическая подрубрика Россия
606 Тематические рубрики __
a Основная рубрика Литература народов России (произведения)
610 Ключевые слова 0_
a Ключевые слова рассказы; повести
686 Индексы других классификаций __
a Классификационный индекс 84.2
702 Вторичная интеллектуальная ответственность _1
a Фамилия Кубатько
b Имя И.
4 Код отношения Переводчик
4 Код отношения 730
801 Источник записи _0
a Страна RU
b Организация Муниципальное бюджетное учреждение культуры "Централизованная библиотечная система" г. Сургут (Центральная городская библиотека им. А. С. Пушкина)
g Правила каталогизации ЦДБ/Дорошева
801 Источник записи _1
a Страна RU
b Организация Муниципальное бюджетное учреждение культуры "Централизованная библиотечная система" г. Сургут (Центральная городская библиотека им. А. С. Пушкина)
g Правила каталогизации ЦДБ/Дорошева
852 Данные о местонахождении __
j Шифр хранения 84.2
c Каталожный индекс 84.2
i Авторский знак К 53
p Инвентарный номер 64593
901 Тип документа __
t Тип документа x
903 Характеристики (МАРС) __
a Дата передачи 20060802
969 Тип издания __
a Тип издания сборник
990 Данные о заказе (DOS) __
j Количество экземпляров (DOS) 1
t N записи в КСУ для И/У (DOS) 199701